| 000 | 00894nam a2200241 i 4500 | ||
|---|---|---|---|
| 003 | DO-SdBNP | ||
| 005 | 20250429101558.0 | ||
| 007 | ta | ||
| 008 | 250429s1999 dr a 000 j spa d | ||
| 040 |
_aDO-SdBNP _bspa _cBNPHU _erda |
||
| 082 |
_axx _bR426c _222 |
||
| 110 | 2 |
_aRepública Dominicana. _bPresidencia de la República, Comisión Nacional Técnica Forestal _916565 |
|
| 245 | 1 | 0 |
_aCódigo forestal : _bLey No. 188-99 del 23 de diciembre de 1999 que crea el Instituto Nacional de Recursos Forestales (INAREF) |
| 264 | 1 |
_aSanto Domingo : _bComisión Nacional Técnica Forestal,, _c1999 |
|
| 300 |
_a102 páginas ; _c22 cm. |
||
| 336 |
_2rdacontent _atexto _btxt |
||
| 337 |
_2rdamedia _asin mediación _bn |
||
| 338 |
_2rdacarrier _avolumen _bnc |
||
| 500 | _aGaceta oficial No. 10032 del 30 de diciembre de 1999 | ||
| 590 | _aInventariado, 2024/DG | ||
| 910 | _aDG | ||
| 942 |
_2ddc _cLBS1 |
||
| 999 |
_c58848 _d58848 |
||